|
|
|
|
| LEADER |
00000cam a2200000 7i4500 |
| 001 |
0000016094 |
| 005 |
20080421.0 |
| 008 |
210408 |
| 020 |
|
|
|a 9838997609
|
| 090 |
0 |
0 |
|a 646.720835
|b TRA
|
| 100 |
1 |
|
|a Tranggono Retno I.S.
|
| 245 |
1 |
0 |
|a Rahsia kesihatan dan kecantikan :
|b Petunjuk praktis perawatan kulit dan penggunaan kosmetik bagi remaja
|c By Retno I.S.Tranggono
|
| 260 |
|
|
|a Kuala Lumpur :
|b Synergy Books Internasional ,
|c 1997
|
| 650 |
|
0 |
|a Beauty, personal
|
| 650 |
|
0 |
|a Cosmetics
|
| 650 |
|
0 |
|a Skin
|x Care and hygiene
|
| 650 |
|
0 |
|a Teenagers
|x Health and hygiene
|
| 999 |
|
|
|a 0001016091
|b Book
|c Adult Collection
|e Perbadanan Perpustakaan Awam Johor
|
| 999 |
|
|
|a 0001016092
|b Book
|c Adult Collection
|e Perbadanan Perpustakaan Awam Johor
|